header

Air transport and operations (Record no. 244900)

MARC details
000 -LEADER
fixed length control field 01405nam a2200313 a 4500
245 10 - TITLE STATEMENT
Title Air transport and operations
260 ## - PUBLICATION, DISTRIBUTION, ETC. (IMPRINT)
Place of publication Amsterdam, The Netherlands :
Name of publisher IOS Press,
Year of publication 2010.
300 ## - PHYSICAL DESCRIPTION
Number of Pages vii, 415 p. :
Other physical details ill. (chiefly col.)
650 #0 - SUBJECT ADDED ENTRY--TOPICAL TERM
Topical Term Aeronautics, Commercial
Topical Term Aeronautics, Commercial
700 1# - ADDED ENTRY--PERSONAL NAME
Personal name Curran, Richard.
856 40 - ELECTRONIC LOCATION AND ACCESS
Uniform Resource Identifier http://site.ebrary.com/lib/rucke/Doc?id=10440468

No items available.

© 2026 Rongo University
Contact us: librarian | system librarian | Rongo university